Normal view
MARC view
- Syed Zafar Ali Shah, Shajeel Iqbal
Entry Personal Name
001 - CONTROL NUMBER
- control field: 93548
003 - CONTROL NUMBER IDENTIFIER
- control field: NUST
005 - DATE AND TIME OF LATEST TRANSACTION
- control field: 20220713195253.0
008 - FIXED-LENGTH DATA ELEMENTS
- fixed length control field: 220713|| aca||aabn | a|a d
040 ## - CATALOGING SOURCE
- Original cataloging agency: NUST
- Transcribing agency: NUST
100 ## - HEADING--PERSONAL NAME
- Personal name: Syed Zafar Ali Shah, Shajeel Iqbal
670 ## - SOURCE DATA FOUND
- Source citation: Work cat.: (NUST)11299: Syeda Mahum Binte Junaid 93547, Automated result generation system, 2012
